El Perú. Esbozos de viajes realizados entre 1838 y 1842

সংরক্ষণ করুন:
গ্রন্থ-পঞ্জীর বিবরন
প্রধান লেখক: Tschudi, Johann Jakob von (Author)
বিন্যাস: গ্রন্থ
ভাষা:স্প্যানিশ
প্রকাশিত: Lima Pontificia Universidad Católica del Perú 2003
সংস্করন:1a. ed
বিষয়গুলি:
ট্যাগগুলো: ট্যাগ যুক্ত করুন
কোনো ট্যাগ নেই, প্রথমজন হিসাবে ট্যাগ করুন!

MARC

LEADER 00000nam a2200000 a 4500
001 UCK0412
003 CL-VaPUC
008 041001e20030000PE |||||||||||||||||spa|d
020 |a 9972425819 
082 0 4 |a 910.985  |b TSC  |2 21 
100 0 |a Tschudi, Johann Jakob von  |e author  |9 488346 
245 1 3 |a El Perú. Esbozos de viajes realizados entre 1838 y 1842 
250 |a 1a. ed 
300 |a 452 p 
942 |c BK 
945 |d 20041001 00:00:00  |a cmena 
260 |a Lima  |b Pontificia Universidad Católica del Perú  |c 2003 
650 0 |a Historia de Perú  |9 316239 
650 0 |a Relatos de viajes  |9 445424 
650 0 |a Costumbres y tradiciones   |9 268292 
651 0 |a Perú  |9 256567 
583 |a last modification  |c 20041001 00:00:00  |k Rodrigo Vera 
999 |c 310863  |d 310861 
952 |0 0  |1 0  |4 0  |6 910_985000000000000_TSC_2003  |7 0  |8 A  |9 379894  |a BIBHIS  |b BIBHIS  |d 2019-11-21  |i 406724K  |o 910.985 TSC 2003  |p 406724K  |r 2025-01-20  |w 2019-11-21  |y BK  |k HIS